000 00639nam a2200229Ia 4500
005 20230710130832.0
008 131103s9999 xx 000 0 und d
020 _cRs.10.00
040 _aLoreto College
041 _aEnglish
082 _a572.8
_b BOS
100 _aBose,Nirmal Kumar
245 _aSome Indian tribes
_cNirmal Kumar Bose
260 _aDelhi
_bNational Book Trust
_c1973
300 _avi,169p.
_b ill.tables
440 _aIndia the land and people
504 _aIncludes index
650 _aTribes
651 _aCulture and institution,Indigenous racial, ethnic ,national groups
850 _aLCLIB
942 _cBK
999 _c2662
_d53141